Das einzige Land, das an ... grenzt. - Statistiken

Allgemein
  • Dieses Quiz wurde 78 mal gespielt
  • Das Durchschnittsergebnis liegt bei 13 aus 15
Antwortstatistiken
Angrenzende Länder Land % Korrekt
Norwegen; Nordkorea Russland
99%
Kanada; Mexiko Vereinigte Staaten
99%
Laos; Mongolei China
90%
Nicaragua; Panama Costa Rica
90%
Mexiko; Honduras Guatemala
90%
Türkei; Pakistan Iran
87%
Kolumbien; Chile Peru
87%
Bulgarien; Kroatien Serbien
87%
Malaysia; Timor-Leste Indonesien
84%
Myanmar; Nepal Indien
82%
Somalia; Sudan Äthiopien
78%
Gabun; Nigeria Kamerun
78%
Slowenien; Ukraine Ungarn
78%
Botswana; Demokratische Republik Kongo Sambia
75%
Guinea; Algerien Mali
74%
Keine übereinstimmenden Quizze gefunden
Verteilung der Resultate
Anzahl Personen mit jedem Resultat
Perzentil nach korrekt beantworteten Fragen
Ihre Resultats-Entwicklung
Sie haben dieses Quiz noch nicht gespielt